000 02028cam a2200301 4500500
005 20260405004756.0
041 _afre
042 _adc
100 1 0 _aLefebvre, Rémi
_eauthor
700 1 0 _aMichon, Sébastien
_eauthor
245 0 0 _aLe populisme et le populaire. La France insoumise au prisme de sa représentation parlementaire
260 _c2026.
500 _a4
520 _aÀ partir d’une enquête fouillée, cet article montre et explique le décalage entre la composition sociale du groupe parlementaire La France insoumise (LFI) et la marque politique défendue par LFI et son électorat. Ce qui fonde l’éligibilité des candidat·es LFI devenu·es député·es n’est pas tant leur position sociale d’origine, leur âge et leur couleur de peau, que leur inscription dans le parti. Le décalage observé est le produit d’un type de fonctionnement organisationnel et d’un vivier militant d’insoumis qui est structurellement peu ancré dans les milieux populaires.
520 _aThis article is based on a detailed survey and shows and explains the discrepancy between the social composition of the La France insoumise (LFI) parliamentary group, and the political brand defended by LFI and its electorate. The eligibility of LFI candidates who become MPs is determined less by their original social position, age, and skin colour, and more by their party membership. The observed discrepancy is the result of organisational processes and a militant pool of Insoumis that is not well established in working-class communities.
690 _adéputé·es
690 _aLa France insoumise
690 _aparti politique
690 _aselectorate
690 _asociographie
690 _adeputies
690 _aLa France insoumise
690 _apolitical party
690 _aselectorate
690 _asociography
786 0 _nPolitix |  150 | 2 | 2026-02-09 | p. 81-111 | 0295-2319
856 4 1 _uhttps://shs.cairn.info/revue-politix-2025-2-page-81?lang=fr&redirect-ssocas=7080
999 _c2078237
_d2078237